| 000 | 00619nam a2200241 a 4500 | ||
|---|---|---|---|
| 001 | 0001-1256 | ||
| 003 | ELIB.Books | ||
| 008 | 150615 2010 eng | ||
| 020 | _a0789744335 | ||
| 035 | _a(ELIB.Books)0001-1411 | ||
| 092 |
_a813 _bLen |
||
| 100 | _aLencioni, Patrick. | ||
| 245 |
_aThe Five Temptations of a CEO _bA Leadership Fable |
||
| 260 |
_aSan Francisso _bJossey-Bass _c1988 |
||
| 300 | _a154 | ||
| 500 | _aC/o Moe Lwei | ||
| 650 | _aAmerica Fiction | ||
| 856 |
_nKBTS: Library _uKBTS: Elib |
||
| 942 |
_2ddc _cBK |
||
| 990 | _a1 | ||
| 998 |
_cbat _e2015-06-15 |
||
| 999 |
_c11256 _d11256 |
||